| 000 | 00588nam a2200241Ia 4500 | ||
|---|---|---|---|
| 001 | 16174 | ||
| 003 | GE_BSU | ||
| 008 | 181216s||||||||xx |||||||||||||| ||und|| | ||
| 020 | _a9781780983783 | ||
| 040 | _cGE_BSU | ||
| 080 | _a811.111+63 | ||
| 100 | _aSullivan,Neil O. | ||
| 245 | _aAgriculture | ||
| 260 | _aNewbury | ||
| 260 | _bExpress Publishing | ||
| 260 | _c2011 | ||
| 300 | _a127p.ill.30cm. | ||
| 541 | _h27Gel.43T. | ||
| 653 | _aAgriculture | ||
| 653 | _aინგლისური ენა | ||
| 653 | _aსოფლის მეურნეობა | ||
| 942 | _cBK | ||
| 999 |
_c49260 _d49260 |
||